000 01477cam a22004214i 4500
003 PE-LiUPU
005 20250731173056.0
008 150623s r 000 0 d
035 _a(Sirsi) a24283
040 _aPE-LiUPU
_bspa
_cPE-LiUPU
_erda
082 0 4 _a221.077
_bO
_221
100 1 _aClarke, Adam,
_eautor.
245 1 0 _aJob to Solomon's song :
_bthe Holy Bible, Old and New Testaments; volume III.
_n3.
264 1 _aNew York, NY :
_bCarlton & Porter,
_c1856.
300 _a884 páginas :
_bilustraciones, gráficos ;
_c26 cm.
336 _atext
_2rdacontent
337 _aunmediated
_2rdamedia
338 _avolume
_2rdacarrier
505 0 _aJob to Solomon's song: the Holy Bible, Old and New Testaments; volume III.
526 _aSEG42
526 _aSEG41
526 _aSEG40
526 _aSEG39
526 _aP94
526 _aP87
526 _aP86
526 _aP85
526 _aP77
526 _aP76
526 _aP35
630 _aBiblia.
_pA.T.
_pJob
_xComentarios.
630 _aBiblia.
_pA.T.
_pSalmos
_xComentarios.
942 _2ddc
_cBOOK
949 _a221.077 O 3
_wDEWEY
_c1
_i48570
_lCCODEBUL1
_mBUL
_p00.00
_r0
_sY
_tBOOK
_u2015-06-24
_xBIBLIOTECA
_PP35
_0COMPRA
_o.STAFF. Colección General
596 _a1
999 _a221.077 O 3
_wDEWEY
_c27743
_i48570
_d27743
_f2021-11-11
_g5
_lCCODEBUL1
_mBUL
_q1
_r0
_sY
_tBOOK
_u2015-6-24
_xTEOLOGIA
_PP35
_0COMPRA
_o.STAFF. Colección General
980 _81
_gALBERTO SANCHEZ Responsable de Automatización